000
00263nam a2200121Ia 4500
100
_a
#N/A
942
_c
BK
654
_a
INDUSTRIAL PRODUCTS
245
_a
INDUSTRIAL PRODUCTS FINDER -ANNUAL 2000
260
_b
I.P.F.
_c
2000
082
_b
I.P.F.
546
_a
ENGLISH
999
_c
33079
_d
33079